Statistics for Pokemon Regions

Click here to take the quiz!

General Stats

  • This quiz has been taken 2,690 times
  • The average score is 4 of 6

Answer Stats

Answer % Correct
Kanto
96%
Johto
82%
Hoenn
67%
Sinnoh
64%
Unova
57%
Kalos
56%

Score Distribution

Percentile by Number Answered

Percent of People with Each Score

Your Score History

You have not taken this quiz